000 00225nam a2200085Ia 4500
245 0 _aWhales and dolphins
100 _a BINGHAM, Caroline London, 2003
_995675
942 _cBK
008 210817s9999 xx 000 0 und d
999 _c399027
_d399026